000 00150 a2200085 4500
041 _aspa
100 _aAnonimo
245 _aReales Sitios
942 _cBK
999 _c15327
_d15327